000 02147nam0a2200373 4500
001 RU\NLR\bibl\1269843
005 20260407142047.0
010 _a978-5-16-001941-3
_9100000
021 _aRU
_b2008-53172
_92944
035 _a(NLR Aleph) 001255727
090 _a347395
_c347395
100 _a20050926d2008 |||y0rusy50 ca
101 0 _arus
102 _aRU
105 _aa |||||||||
200 1 _aЛогистика
_eучебник
_eдля студентов высших учебных заведений, обучающихся по направлению и специальности "Менеджмент"
_f[Аникин Б.А., д.э.н., проф., Дыбская В.В., д.э.н., проф., Колобов А.А., д.т.н., проф. и др.]
_gпод ред. проф. Б.А. Аникина
_gГос. ун-т упр. [и др.]
205 _aИзд. 3-е, перераб. и доп.
210 _aМосква
_cИнфра-М
_d2008
215 _a367 с.
_cил.
_d22
225 1 _aВысшее образование
300 _aАвт. указаны на 3-й с.
300 _aВ надзаг также: Ин-т мировой экономики и междунар. отношений РАН, Моск. гос. техн. ун-т им. Н.Э. Баумана
320 _aБиблиогр.: с. 367 (13 назв.)
606 1 _aЛогистика в экономике
_jУчебники для высших учебных заведений
_92168149
_3RU\NLR\auth\661304395
686 _aУ40(0)в611я73
701 1 _4220
_8rus
_7ca
_aАникин
_bБ. А.
_cд-р экон. наук
_f1939-2021
_gБорис Александрович
_3RU\NLR\AUTH\77369
_9110424
701 1 _aДыбская
_bВ. В.
_gВалентина Владимировна
_4070
701 1 _aКолобов
_bА. А.
_gАльберт Алексеевич
_4070
712 0 2 _4570
_aГосударственный университет управления
_cМосква
_3RU\NLR\AUTH\8810011254
_9520215
801 0 _aRU
_bNLR
_c20050926
_grcr
801 1 _aRU
_bNLR
_c20050926
942 _cBOOK
980 _aNB